Statistics for top 10 NBA leaders points

Click here to take the quiz!

General Stats

  • This quiz has been taken 8 times
  • The average score is 8 of 10

Answer Stats

HintAnswer% Correct
hlebron james
100%
hMichael Jordan
100%
hKarl Malone
88%
hKevin Durant
88%
uKobe Bryant
88%
hdirk Nowitzki
75%
gkareem
75%
hwilt chamberlain
63%
hShaq
50%
hCarmelo
25%

Score Distribution

Percentile by Number Answered

Percent of People with Each Score

Your Score History

You have not taken this quiz